000 00528nam a2200193Ia 4500
999 _c15050
_d15050
003 OSt
005 20201113130331.0
008 190216s9999||||xx |||||||||||||| ||und||
020 _a9780195656039
040 _coclc
082 _a415
_bJAY/F
100 _aJayaseelan, K A
_96393
245 0 _aFunctional Grammar Book 1 /
_cK A Jayaseelan
250 _a6th Ed.
260 _bOxford University,
_c2003.
_aNew Delhi:
300 _a130p
650 _aEnglish
942 _cBK
_2ddc
_h415
_iJAY/F
_k415
_mJAY/F